Mis tres rosas rojas

Na minha lista:
Detalhes bibliográficos
Autor principal: Montero Vega, Arturo
Formato: Livro
Idioma:Undetermined
Publicado em: San José, Costa Rica Aurora Social 1955
Assuntos:
Tags: Adicionar Tag
Sem tags, seja o primeiro a adicionar uma tag!

MARC

LEADER 00000nam a2200000Ia 4500
008 170316s9999 xx 000 0 und d
040 |a cru BVZT 
090 |a 868 M-12m 
100 |a Montero Vega, Arturo 
245 |a Mis tres rosas rojas 
260 |a San José, Costa Rica 
260 |b Aurora Social 
260 |c 1955 
300 |a 113 páginas 
650 |a LITERATURA COSTARRICENSE 
650 |a POESÍA 
942 |c 15 D 
999 |c 11287  |d 11287